| 000 | 03056nam a2200337 a 4500 | ||
|---|---|---|---|
| 001 | 000003546 | ||
| 003 | DO-SdBNP | ||
| 005 | 20230213105058.0 | ||
| 007 | 000003546 | ||
| 008 | 090710s2001 dr abd 001 0 spa d | ||
| 020 | _a9993481793 | ||
| 040 |
_aBPMSU _bspa _cBPMSU |
||
| 082 | 4 |
_a972.93 _bN964o 2001 _222 |
|
| 100 | 1 | _aNúñez, Manuel | |
| 245 | 1 | 3 |
_aEl ocaso de la nación dominicana / _cManuel Núñez. |
| 250 | _a2a. ed. corr. y aum. | ||
| 260 |
_aSanto Domingo : _bLetra Gráfica, _c2001. _g |
||
| 300 |
_a714 p. : _bil., gráf., mapas, retrs. ; _c24 cm. |
||
| 500 | _a | ||
| 500 | _aIncluye referencias bibliográficas e índice. | ||
| 504 | _aBibliografía: p. 683-701 | ||
| 505 | 0 |
_aNota a la segunda edición -- _tNota preliminar -- _t La traición de los intelectuales -- _tLas naciones son mortales -- _t Anexionismo e ideal de independencia -- _tLa guerra domínico-haitiana -- _t La Nación puesta a prueba -- _t La Nación y el Estado -- _tLa historia de larga duración -- _t La sustitución de la población dominicana -- _t La desnacionalización de la mano de obra -- _t- La desnacionalización de la cultura -- _t La desnacionalización del territorio -- _tLa desnacionalización de los registros civiles -- _tEl peso de los problemas haitianos en la República Dominicana -- _tEl desarrollo de estereotipos. ONU, OEA, organismos internacionales -- _tUn estado caótico e ingobernable -- _t Un país sin soberanía -- _tActividades antidominicanas -- _tLos trastornos sanitarios producidos por la inmigración haitiana -- _tEl peso de los sin papeles en la educación -- _tLa política de los hechos consumados -- _t El papel de los Estados Unidos como estado mediador. |
|
| 505 | 0 |
_aEl poder transnacional del narcotráfico -- _tLa incompetencia de los dirigentes -- _tLa colonización -- _tEl factor demográfico -- _tLa historiografía sin el pueblo-Nación -- _tFactor político: la batalla jurídica de los indocumentados -- _tEl lenguaje perverso -- _tLa raza contra la nación dominicana -- _tLa igualdad de las razas no suprime la diversidad de culturas -- _tFactor económico: una temporada en el infierno neoliberal -- _tLa globalización contra la nación -- _tLa visión de Ignacio Ellacuría -- _t Factor territorial: las limitaciones del territorio haitiano -- _tDe la colonización interior a la colonización exterior -- _t La frontera invisible -- _tUna mentalidad de asistidos sociales -- _t Los propósitos de las ONG -- _tEl rechazo de lo dominicano -- _tLa Iglesia contra la Nación: el caso de los Jesuitas -- _tLa conciencia desgarrada -- _tSamaná: el ejemplo histórico -- _tLa decadencia del patriotismo -- _tUna isla: dos naciones -- _t Price Mars o el racismo a lo Gobineau -- _tLa interpretación de la independencia -- |
|
| 590 | _6Inventariado, 2023/VM | ||
| 650 | 4 | _aNacionalismo | |
| 650 | 4 | _aSociología histórica | |
| 651 | 4 |
_aREPÚBLICA DOMINICANA _xHISTORIA |
|
| 651 | 4 |
_aRepública Dominicana _xHistoriografía |
|
| 910 | _aVMATEO V./Validado. Control de calidad | ||
| 942 |
_2ddc _cBK |
||
| 999 |
_c7976 _d7976 |
||